名前に「上」・「下」を含む市 - Statistics

General Stats
  • This quiz has been taken 36 times
  • The average score is 14 of 16
Answer Stats
都道府県 市名 % Correct
新潟県 上越市
97%
長野県 上田市
97%
山口県 下関市
97%
静岡県 下田市
94%
熊本県 上天草市
88%
岐阜県 下呂市
88%
埼玉県 上尾市
85%
山口県 下松市
85%
岩手県 北上市
82%
山形県 上山市
82%
新潟県 村上市
82%
山梨県 上野原市
82%
栃木県 下野市
82%
秋田県 潟上市
76%
岐阜県 郡上市
76%
茨城県 下妻市
73%
No matching quizzes found
Score Distribution
Percent of People with Each Score
Percentile by Number Answered
Your Score History
You have not taken this quiz